02092cam a22003375a 4500003000900000005001700009008004100026020001500067020001800082040004300100082001900143245006600162246002300228264004600251300005000297336002600347337002800373338002700401504005100428505079200479650004501271651001001316653002801326655002401354700004001378856009101418856009201509942001201601999001501613952012601628EG-ScBUE20220628135647.0100805s2006 enkab f b 001 0 eng d a0199249318 a9780199249312 aEG-ScBUEbengerdacEG-ScBUEdEG-ScBUE04a420.9bOXF22204aThe Oxford history of English /cedited by Lynda Mugglestone.30aHistory of English 1aOxford :bOxford University Press,c2006. axi, 485 pages :billustrations, maps ;c26 cm 2rdacontentatextbtxt 2rdamediaaunmediatedbn 2rdacarrieravolumebnc aIncludes bibliographical references and index.0 aPreliminaries: Before English / Terry Hoad -- Beginnings and Transitions: Old English / Susan Irvine -- Contacts and Conflicts: Latin, Norse, and French / Matthew Townend -- Middle English - Dialects and Diversity / Marilyn Corrie -- From Middle to Early Modern English / Jeremy Smith -- Restructuring Renaissance English / April McMahon -- Mapping Change in Tudor English / Terttu Nevalainen -- The Babel of Renaissance English / Paula Blank -- Correctness and its Origins / Ingrid Tieken-Boon van Ostade -- English in the Nineteenth Century / Lynda Mugglestone -- Modern Regional English in the British Isles / Clive Upton -- English Among the Languages / Richard W. Bailey -- English Worldwide in the Twentieth Century / Tom McArthur -- Into the Twenty-first Century / David Crystal. 7aEnglish languagexHistory.2BUEsh917107 2BUEsh bHHUUEENNcSeptember2018 vReading book9342321 aMugglestone, Lynda,eeditor.917108423Publisher descriptionuhttp://www.loc.gov/catdir/enhancements/fy0638/2006013471-d.html423Table of contents onlyuhttp://www.loc.gov/catdir/enhancements/fy0638/2006013471-t.html 2ddccBB c2179d2179 00102ddc40708AlahramaMAINbMAINc2NDd2010-08-05ePurchaseg331.40l0o420.9 OXFp000002109r2025-07-15 00:00:00yNB